Zverejňovanie vplyvu COVID-19 v účtovných závierkach a jeho dopad na rozhodovanie používateľov účtovných informácií diplomová práca

Gespeichert in:
Bibliographische Detailangaben
1. Verfasser: Tóthová, Dominika
Körperschaft: Fakulta hospodárskej informatiky EU. Katedra účtovníctva a audítorstva
Weitere Verfasser: Mokošová, Daša, 1979-
Format: Buch
Sprache:Slowakisch
Veröffentlicht: Bratislava 2022
Tags: Tag hinzufügen
Keine Tags, Fügen Sie das erste Tag hinzu!

MARC

LEADER 00000nbm a2200000 4500
001 0287542
005 20230320091412.0
041 0 |a slo 
044 |a SK 
245 1 0 |a Zverejňovanie vplyvu COVID-19 v účtovných závierkach a jeho dopad na rozhodovanie používateľov účtovných informácií  |b diplomová práca  |c Dominika Tóthová ; školiteľ: Daša Mokošová 
264 1 |a Bratislava  |c 2022 
300 |a 58 s. 
100 1 |a Tóthová, Dominika 
700 1 |a Mokošová, Daša, 1979- 
710 2 |a Fakulta hospodárskej informatiky EU. Katedra účtovníctva a audítorstva